000 01025nam a22002897a 4500
003 DO-SdBNP
005 20260116073830.0
007 ta
008 210412e2018 dr ||||er|||| 001 0 spa d
020 _a9789945090352
040 _aDO-SdBNP
_bspa
_cBNPHU
082 4 _a158.1
_bR457e
_222
100 1 _aReyes Restrepo, Alejandro
_978358
245 1 3 _aEl huracán Alejandro /
_cAlejandro Reyes Restrepo.
260 _aSanto Domingo :
_bCamilo, SRL ,
_c2018
300 _a438 p. ;
_c22 cm.
500 _aIncluye datos biográficos del autor en la contracubierta.
505 1 _aPrólogo.-
_tPrimera parte :
_uCapítulo de la vida.-
_tSegunda parte :
_uCapítulo de la profesión.-
_tTercera parte :
_uCapítulo del oficio.-
505 1 _aAgradecimientos.-
505 1 _aReconocimiento,
_uMinutos de silencio,
590 _aInventariado, 2022/MFF
650 0 _aÉxito
_9394
650 4 _aAutorrealización (Psicología)
_9211
650 0 _aAutoestima
_9212
910 _aValidado. Control de calidad MFF
942 _2ddc
_cLBS1
999 _c49716
_d49716